| 000 | 00313nam a2200097Ia 4500 | ||
|---|---|---|---|
| 082 | _a610.73|BROO | ||
| 245 | 0 | _aFoundations of nursing practice : fundamentals of holistic care | |
| 100 |
_a Brooker, Christine Edinburgh, 2009 African ed. _967122 |
||
| 942 | _cBK | ||
| 008 | 210817s9999 xx 000 0 und d | ||
| 999 |
_c215926 _d215925 |
||